[Event "Ponte de Lima op"]
[Site "Ponte de Lima POR"]
[Date "2024.04.10"]
[Round "2.4"]
[White "Spraggett, Kevin"]
[Black "Priyanka, Nutakki"]
[Result "0-1"]
[WhiteElo "2459"]
[BlackElo "2272"]
[PlyCount "110"]
[EventDate "2024.04.09"]
[EventType "swiss"]
[EventRounds "9"]
[EventCountry "POR"]
[Source "ChessMix "]
[SourceDate "2024.04.20"]

1. e4 e5 2. Nf3 Nf6 3. Nc3 Nc6 4. Bb5 Bb4 5. O-O O-O 6. d3 Bxc3 7. bxc3 d6 8.
Re1 Qe7 9. Bg5 a6 10. Bc4 h6 11. Bh4 Na5 12. Nd2 b5 13. Bb3 g5 14. Bg3 Bg4 15.
f3 Bd7 16. Nf1 Nxb3 17. cxb3 Nh5 18. Bf2 Nf4 19. d4 Rad8 20. Qd2 Bc8 21. Ne3 c6
22. a4 h5 23. c4 bxc4 24. Nxc4 g4 25. fxg4 Bxg4 26. Be3 Ng6 27. Rac1 c5 28.
dxc5 dxc5 29. Qf2 Rd4 30. Bxd4 cxd4 31. Qg3 Kh7 32. Rf1 Rg8 33. Rf2 Nf4 34.
Rxf4 exf4 35. Qxf4 Bh3 36. g3 Rg4 37. Qf3 Qxe4 38. Qxf7+ Kh6 39. Qf2 Rg7 40.
Re1 Qb7 41. Re8 Rf7 42. Qd2+ Kh7 43. Qd3+ Rf5 44. Re2 Qxb3 45. Re7+ Kg8 46.
Re8+ Kh7 47. Re7+ Kg8 48. Re8+ Kf7 49. Nd6+ Kg6 50. Rg8+ Qxg8 51. Nxf5 Bxf5 52.
Qxd4 Qe6 53. Kf2 Bg4 54. Qb4 Qe2+ 55. Kg1 Qe3+ 0-1

[Event "Ponte de Lima op"]
[Site "Ponte de Lima POR"]
[Date "2024.04.10"]
[Round "3.6"]
[White "Bilych, Olexiy"]
[Black "Spraggett, Kevin"]
[Result "1-0"]
[WhiteElo "2451"]
[BlackElo "2459"]
[PlyCount "155"]
[EventDate "2024.04.09"]
[EventType "swiss"]
[EventRounds "9"]
[EventCountry "POR"]
[Source "ChessMix "]
[SourceDate "2024.04.20"]

1. c4 c5 2. Nf3 Nc6 3. Nc3 e5 4. g3 g6 5. Bg2 Bg7 6. O-O Nge7 7. Ne1 O-O 8. Nc2
d6 9. Ne3 a6 10. Ned5 Rb8 11. a4 Nxd5 12. Nxd5 Bg4 13. h3 Be6 14. d3 f5 15. Rb1
a5 16. Bd2 Nb4 17. Bxb4 axb4 18. f4 Kh8 19. e3 Re8 20. Re1 b6 21. Kh2 Qd7 22.
Qc2 Bxd5 23. Bxd5 Re7 24. Ra1 Qe8 25. Qf2 Ra7 26. Qc2 Re7 27. Qf2 Ra7 28. Qc2
Rc8 29. Re2 Rcc7 30. b3 Re7 31. Rae1 Bf6 32. e4 exf4 33. gxf4 Bc3 34. Rf1 Qf8
35. Rg2 Qf6 36. Qf2 Bd4 37. Qg3 Rg7 38. h4 Rae7 39. Qg5 Qf8 40. Rf3 Re8 41.
Rfg3 fxe4 42. dxe4 Qf6 43. Qxf6 Bxf6 44. Kh3 Rf8 45. Kg4 Be7 46. Rf3 Bf6 47.
Rh3 Bd4 48. Re2 h5+ 49. Kg3 Re7 50. Rh1 Ree8 51. Rf1 Rf6 52. Rf3 Kg7 53. Re1
Kh6 54. Ref1 Ref8 55. Kh3 Kg7 56. f5 Be5 57. Rg1 Kh6 58. Rg5 gxf5 59. exf5 Re8
60. Kg2 Bd4 61. Be6 Be5 62. Rf1 Re7 63. Rg8 Kh7 64. Rg5 Kh6 65. Rf3 Rg7 66.
Rxg7 Kxg7 67. Rf1 Rf8 68. Kf3 Bf6 69. Rh1 Rh8 70. Ke4 Kf8 71. Kd5 Rh7 72. Kc6
Bd8 73. Rg1 Bxh4 74. Kxb6 Bd8+ 75. Kc6 Ke7 76. a5 h4 77. a6 Kf6 78. Bd7 1-0

[Event "Ponte de Lima op"]
[Site "Ponte de Lima POR"]
[Date "2024.04.12"]
[Round "5.9"]
[White "Padeiro, Jose Joao Tato"]
[Black "Spraggett, Kevin"]
[Result "1/2-1/2"]
[WhiteElo "2121"]
[BlackElo "2459"]
[PlyCount "113"]
[EventDate "2024.04.09"]
[EventType "swiss"]
[EventRounds "9"]
[EventCountry "POR"]
[Source "ChessMix "]
[SourceDate "2024.04.20"]

1. e4 c5 2. Nc3 d6 3. f4 g6 4. Nf3 Bg7 5. Bc4 Nc6 6. O-O e6 7. d4 cxd4 8. Nb5
Nge7 9. Bb3 a6 10. Nbxd4 Na5 11. c3 Nxb3 12. axb3 O-O 13. Kh1 Bd7 14. Be3 Qc7
15. Qd2 Rad8 16. Qf2 Rde8 17. Rae1 e5 18. Nc2 f5 19. exf5 Nxf5 20. Bb6 Qc8 21.
fxe5 dxe5 22. Qc5 Re6 23. Qxc8 Rxc8 24. Bf2 h6 25. Nd2 Nd6 26. Nb4 a5 27. Nd3
Bb5 28. c4 Bc6 29. Re2 e4 30. Nc5 Ree8 31. Rfe1 Bxb2 32. Ndxe4 Nxe4 33. Nxe4
Bg7 34. Kg1 Re6 35. Nc5 Rd6 36. Re7 Bf6 37. R7e6 Rxe6 38. Nxe6 Re8 39. Nf4
Rxe1+ 40. Bxe1 g5 41. Nd5 Bd8 42. Kf2 a4 43. bxa4 Bxa4 44. Ke3 Kf7 45. Bg3 Bb3
46. Kd4 Ba5 47. Bc7 Be1 48. Bg3 Ba5 49. Bc7 Bd2 50. Bg3 h5 51. h4 gxh4 52. Bxh4
Bd1 53. Bf2 Kg6 54. Kd3 Ba5 55. Ne3 Ba4 56. g4 hxg4 57. Kd4 1/2-1/2

[Event "Ponte de Lima op"]
[Site "Ponte de Lima POR"]
[Date "2024.04.12"]
[Round "6.9"]
[White "Spraggett, Kevin"]
[Black "Correia, Pedro Mourao Soares"]
[Result "1-0"]
[WhiteElo "2459"]
[BlackElo "1684"]
[PlyCount "85"]
[EventDate "2024.04.09"]
[EventType "swiss"]
[EventRounds "9"]
[EventCountry "POR"]
[Source "ChessMix "]
[SourceDate "2024.04.20"]

1. c4 Nf6 2. Nc3 d5 3. cxd5 Nxd5 4. g3 Nxc3 5. bxc3 Qd5 6. Nf3 h5 7. Bg2 c6 8.
d3 e6 9. e4 Qd8 10. d4 Be7 11. h4 Na6 12. O-O Nc7 13. a4 c5 14. Be3 b6 15. Ne5
Bb7 16. f4 Bf6 17. dxc5 Bxe5 18. fxe5 Na6 19. cxb6 axb6 20. Qxd8+ Rxd8 21. Bxb6
Rd3 22. Rfd1 Rxd1+ 23. Rxd1 O-O 24. a5 Rc8 25. Rd7 Bc6 26. Rd6 Bb5 27. Bd4 Kh7
28. Rb6 Rb8 29. Bf1 Bxf1 30. Kxf1 Ra8 31. Ke2 Nc7 32. Rc6 Ne8 33. a6 f6 34.
exf6 Nxf6 35. Bxf6 gxf6 36. Rxe6 Kg7 37. Rb6 Re8 38. Kd3 Re5 39. Rb7+ Kg6 40.
Rb8 Ra5 41. Ra8 Kf7 42. a7 Ke7 43. Rh8 1-0

[Event "Ponte de Lima op"]
[Site "Ponte de Lima POR"]
[Date "2024.04.13"]
[Round "7.6"]
[White "Ng, Chun Hei"]
[Black "Spraggett, Kevin"]
[Result "0-1"]
[WhiteElo "1974"]
[BlackElo "2459"]
[PlyCount "80"]
[EventDate "2024.04.09"]
[EventType "swiss"]
[EventRounds "9"]
[EventCountry "POR"]
[Source "ChessMix "]
[SourceDate "2024.04.20"]

1. e4 g6 2. d4 d6 3. Nf3 Nf6 4. Bd3 Bg7 5. h3 O-O 6. O-O Nc6 7. c3 e5 8. Bc2 h6
9. Na3 Bd7 10. dxe5 Nxe5 11. Nxe5 dxe5 12. Qe2 Qe7 13. Nc4 Rfe8 14. a4 Nh5 15.
Qf3 Kh7 16. b3 b6 17. Ba3 Qg5 18. Rad1 Be6 19. Ne3 Nf4 20. Kh2 Qf6 21. g3 Nh5
22. Qe2 c6 23. Ng4 Qg5 24. Bc1 Qe7 25. f4 exf4 26. gxf4 Bxg4 27. Qxg4 Nf6 28.
Qh4 Nxe4 29. Qxe7 Rxe7 30. f5 Nxc3 31. Rd2 Re2+ 32. Rf2 Rae8 33. Bb2 Rxf2+ 34.
Rxf2 Be5+ 35. Kh1 Kg7 36. f6+ Kf8 37. Bc1 Bxf6 38. Bxh6+ Bg7 39. Bd2 Ne4 40.
Re2 Ng3+ 0-1

[Event "Ponte de Lima op"]
[Site "Ponte de Lima POR"]
[Date "2024.04.15"]
[Round "8"]
[White "Goncalves, Samuel Jesus P"]
[Black "Spraggett, Kevin"]
[Result "1/2-1/2"]
[WhiteElo "2190"]
[BlackElo "2459"]
[PlyCount "112"]
[EventDate "2024.04.09"]
[EventType "swiss"]
[EventRounds "9"]
[EventCountry "POR"]
[Source "ChessMix "]
[SourceDate "2024.04.20"]

1. e4 c5 2. Nf3 d6 3. d4 cxd4 4. Nxd4 Nf6 5. Nc3 Nc6 6. Bg5 e6 7. Qd2 a6 8.
O-O-O Bd7 9. Kb1 Be7 10. Nxc6 Bxc6 11. f3 Rc8 12. h4 b5 13. Ne2 Qc7 14. Nd4 Bb7
15. g4 h6 16. Be3 Nd7 17. Be2 d5 18. exd5 Bxd5 19. Bf4 Qc5 20. Nf5 exf5 21.
Qxd5 Qxd5 22. Rxd5 fxg4 23. fxg4 Nc5 24. Re5 Ne6 25. Be3 Bd6 26. Re4 Bc5 27. a4
Bxe3 28. Rxe3 Rc5 29. axb5 axb5 30. Rd1 O-O 31. b4 Rc6 32. c3 Rb8 33. Rd5 Nc7
34. Rd7 Ne6 35. Kb2 Nf4 36. Bd1 Re6 37. Rf3 g5 38. hxg5 hxg5 39. Rf2 Re3 40.
Rfd2 Kg7 41. Bb3 Rf8 42. Rc7 Nd3+ 43. Kc2 Ne1+ 44. Kb1 Nf3 45. Rdd7 Ne5 46. Rd5
Rh8 47. Rd2 Rh1+ 48. Rd1 Rxd1+ 49. Bxd1 Re1 50. Kc2 Nc4 51. Bf3 Ne5 52. Bc6 Rg1
53. Bxb5 Rxg4 54. Rc5 Rg2+ 55. Kd1 Kf6 56. Be2 g4 1/2-1/2

[Event "Ponte de Lima op"]
[Site "Ponte de Lima POR"]
[Date "2024.04.16"]
[Round "9"]
[White "Spraggett, Kevin"]
[Black "Akhvlediani, Irakli"]
[Result "1/2-1/2"]
[WhiteElo "2459"]
[BlackElo "2356"]
[PlyCount "102"]
[EventDate "2024.04.09"]
[EventType "swiss"]
[EventRounds "9"]
[EventCountry "POR"]
[Source "ChessMix "]
[SourceDate "2024.04.20"]

1. e4 e5 2. Nf3 Nc6 3. Bb5 a6 4. Ba4 Bc5 5. c3 Nge7 6. O-O Ba7 7. d4 Ng6 8. Bg5
f6 9. Be3 O-O 10. Nbd2 d6 11. Re1 Kh8 12. h3 Nce7 13. Bc2 Be6 14. Bb3 Bd7 15.
Nf1 Qe8 16. Ng3 c5 17. Qd2 Rd8 18. Rad1 Bb6 19. dxc5 dxc5 20. Qc1 Bc6 21. Nd2
Nf4 22. Nc4 Bc7 23. Rxd8 Qxd8 24. Rd1 Qe8 25. Bxc5 Bxe4 26. Qd2 Bd3 27. Ne3 e4
28. Bc2 f5 29. Bxe7 Qxe7 30. Nexf5 Qe5 31. Re1 Ne2+ 32. Rxe2 Bxe2 33. Qxe2 Rxf5
34. Qxe4 Qxe4 35. Nxe4 g6 36. Kf1 Kg7 37. Ke2 Bd8 38. a4 Be7 39. Bd3 a5 40. f3
h5 41. Bc4 h4 42. Kd3 b6 43. Kc2 Re5 44. Kb3 g5 45. Bd3 Kf7 46. Ba6 Ke6 47.
Bc8+ Kd5 48. Bb7+ Ke6 49. Bc8+ Kd5 50. Bb7+ Ke6 51. Bc8+ Kd5 1/2-1/2

[Event "Portimao Festival"]
[Site "Portimao POR"]
[Date "2024.02.11"]
[Round "1.5"]
[White "Moldovan, Lucas Gabriel"]
[Black "Spraggett, Kevin"]
[Result "0-1"]
[WhiteElo "1737"]
[BlackElo "2447"]
[PlyCount "54"]
[EventDate "2024.02.11"]
[EventType "swiss"]
[EventRounds "9"]
[EventCountry "POR"]
[Source "ChessMix"]
[SourceDate "2024.02.20"]

1. e4 c5 2. Nc3 d6 3. f4 e6 4. Nf3 a6 5. d4 cxd4 6. Qxd4 Nc6 7. Qd2 Nf6 8. b3
d5 9. exd5 exd5 10. a3 d4 11. Qe2+ Be7 12. Ne4 O-O 13. Nxf6+ Bxf6 14. Qd3 Re8+
15. Be2 g6 16. Bb2 Re3 17. Qd2 Qe7 18. Kf2 Rxe2+ 19. Qxe2 Qxe2+ 20. Kxe2 d3+
21. Kxd3 Bxb2 22. Rae1 Bf5+ 23. Kc4 Bxa3 24. Nd4 Na5+ 25. Kd5 Rd8+ 26. Ke5 Bb2
27. g4 Bxd4# 0-1

[Event "Portimao Festival"]
[Site "Portimao POR"]
[Date "2024.02.12"]
[Round "2.5"]
[White "Spraggett, Kevin"]
[Black "Strehse, Nelson"]
[Result "1-0"]
[WhiteElo "2447"]
[BlackElo "1979"]
[PlyCount "115"]
[EventDate "2024.02.11"]
[EventType "swiss"]
[EventRounds "9"]
[EventCountry "POR"]
[Source "ChessMix"]
[SourceDate "2024.02.20"]

1. c4 Nf6 2. Nf3 e6 3. b3 d5 4. Bb2 c5 5. e3 Nc6 6. cxd5 exd5 7. Bb5 Bd6 8. O-O
O-O 9. d4 cxd4 10. Nxd4 Bc7 11. Bxc6 bxc6 12. Qc2 Qd6 13. g3 Bh3 14. Ba3 Qe5
15. Bxf8 Rxf8 16. Nd2 Bxf1 17. Rxf1 Bb6 18. Qxc6 Ng4 19. N2f3 Qe4 20. Qc2 Rd8
21. Rd1 h6 22. h3 Nf6 23. Rc1 g6 24. Nd2 Qe8 25. Kg2 Kg7 26. Qd3 Qd7 27. N2f3
Ne4 28. Qb5 Qd6 29. Rc2 Rd7 30. a4 Rc7 31. Rxc7 Bxc7 32. Ne2 Qe6 33. Qb7 Qd6
34. Qxa7 Bb6 35. Qa6 Qc5 36. Qd3 Qa5 37. Nf4 Nf6 38. Qc2 Qb4 39. Qd3 Qc5 40.
Ne5 Qd6 41. Nc4 Qc6 42. Nxb6 d4+ 43. e4 Qxb6 44. Ne2 Qb7 45. Qxd4 Qxb3 46. Nc3
Qc2 47. a5 g5 48. Nd5 g4 49. Qxf6+ Kh7 50. Qf5+ Kh8 51. hxg4 h5 52. a6 h4 53.
a7 h3+ 54. Kxh3 Qa2 55. Qc8+ Kh7 56. Nf6+ Kh6 57. Qh8+ Kg6 58. Nh5 1-0

[Event "Portimao Festival"]
[Site "Portimao POR"]
[Date "2024.02.12"]
[Round "3.5"]
[White "Goncalves, Samuel Jesus P"]
[Black "Spraggett, Kevin"]
[Result "0-1"]
[WhiteElo "2219"]
[BlackElo "2447"]
[PlyCount "60"]
[EventDate "2024.02.11"]
[EventType "swiss"]
[EventRounds "9"]
[EventCountry "POR"]
[Source "ChessMix"]
[SourceDate "2024.02.20"]

1. e4 c5 2. Nf3 d6 3. Bb5+ Bd7 4. Bxd7+ Nxd7 5. O-O Ngf6 6. Qe2 e6 7. d4 cxd4
8. Nxd4 Be7 9. c4 O-O 10. b3 a6 11. Bb2 Re8 12. Nc3 Bf8 13. Rad1 g6 14. Kh1 Rc8
15. f4 e5 16. fxe5 Nxe5 17. Qf2 Bg7 18. h3 Ned7 19. Nf3 Qe7 20. Nd5 Nxd5 21.
Bxg7 Kxg7 22. exd5 Nc5 23. Qd4+ Qf6 24. Qg4 h5 25. Qg3 Ne4 26. Qh2 h4 27. Kg1
Ng3 28. Rfe1 b5 29. Rxe8 Rxe8 30. c5 Qc3 0-1

[Event "Portimao Festival"]
[Site "Portimao POR"]
[Date "2024.02.14"]
[Round "4.2"]
[White "Spraggett, Kevin"]
[Black "Martins, Bruno Andre Leite"]
[Result "1/2-1/2"]
[WhiteElo "2447"]
[BlackElo "2347"]
[PlyCount "55"]
[EventDate "2024.02.11"]
[EventType "swiss"]
[EventRounds "9"]
[EventCountry "POR"]
[Source "ChessMix"]
[SourceDate "2024.02.20"]

1. c4 Nf6 2. Nf3 e6 3. g3 d5 4. Bg2 Be7 5. O-O O-O 6. b3 c5 7. e3 Nc6 8. Bb2 d4
9. exd4 cxd4 10. Re1 Re8 11. d3 Bd6 12. a3 a5 13. Nbd2 e5 14. Qc2 Bf5 15. Nh4
Be6 16. Ne4 Nxe4 17. Bxe4 Rc8 18. Bc1 Qd7 19. Bd2 b6 20. b4 b5 21. c5 Be7 22.
Nf3 a4 23. Bc1 f6 24. h4 Bf8 25. Nd2 f5 26. Bg2 Qf7 27. Bb2 g6 28. Qd1 1/2-1/2

[Event "Portimao Festival"]
[Site "Portimao POR"]
[Date "2024.02.15"]
[Round "5.2"]
[White "Iturrizaga Bonelli, Eduardo"]
[Black "Spraggett, Kevin"]
[Result "1/2-1/2"]
[WhiteElo "2602"]
[BlackElo "2447"]
[PlyCount "37"]
[EventDate "2024.02.11"]
[EventType "swiss"]
[EventRounds "9"]
[EventCountry "POR"]
[Source "ChessMix"]
[SourceDate "2024.02.20"]

1. c4 c5 2. g3 Nc6 3. Bg2 g6 4. Nc3 Bg7 5. Nf3 e5 6. O-O Nge7 7. Ne1 d6 8. Nc2
O-O 9. a3 a5 10. d3 Be6 11. Ne3 Rb8 12. Ned5 Qd7 13. Qa4 Qd8 14. Bg5 f6 15. Bd2
Bd7 16. Qd1 Nxd5 17. cxd5 Nd4 18. e3 Nb5 19. a4 1/2-1/2

[Event "Portimao Festival"]
[Site "Portimao POR"]
[Date "2024.02.15"]
[Round "6.1"]
[White "Spraggett, Kevin"]
[Black "Martinez Ramirez, Lennis"]
[Result "1-0"]
[WhiteElo "2447"]
[BlackElo "2442"]
[PlyCount "117"]
[EventDate "2024.02.11"]
[EventType "swiss"]
[EventRounds "9"]
[EventCountry "POR"]
[Source "ChessMix"]
[SourceDate "2024.02.20"]

1. c4 g6 2. Nf3 Bg7 3. d4 Nf6 4. g3 d5 5. cxd5 Nxd5 6. Bg2 Nb6 7. O-O Nc6 8. e3
O-O 9. Nc3 a5 10. d5 Nb4 11. e4 c6 12. a3 Na6 13. Bg5 h6 14. Bf4 g5 15. Bc1 e6
16. dxc6 bxc6 17. Qc2 e5 18. Nd1 f5 19. Ne3 f4 20. Nf5 Bxf5 21. exf5 Qe7 22.
Re1 Qc5 23. Qe4 Qc4 24. Nd2 Qxe4 25. Nxe4 Rxf5 26. Bd2 Nc4 27. Bc3 Nc7 28. b3
Nb6 29. Nd6 Rf6 30. Bxe5 Re6 31. Bxg7 Kxg7 32. Nf5+ Kf6 33. Nd4 Rxe1+ 34. Rxe1
Rd8 35. Nxc6 Rd3 36. Nxa5 f3 37. Bf1 Rc3 38. Re3 Rxe3 39. fxe3 g4 40. Nc4 Nbd5
41. a4 Nc3 42. a5 Ke6 43. Nd2 Nd1 44. e4 Ke5 45. b4 Ne6 46. h3 h5 47. hxg4 hxg4
48. b5 Kd6 49. Nc4+ Kc7 50. a6 Nc3 51. b6+ Kb8 52. Ne5 Nc5 53. Bc4 Kc8 54. Nc6
f2+ 55. Kg2 N3xe4 56. Be6+ Nxe6 57. b7+ Kd7 58. b8=Q f1=Q+ 59. Kxf1 1-0

[Event "Portimao Festival"]
[Site "Portimao POR"]
[Date "2024.02.16"]
[Round "7.2"]
[White "Xu Yuanyuan"]
[Black "Spraggett, Kevin"]
[Result "0-1"]
[WhiteElo "2292"]
[BlackElo "2447"]
[PlyCount "120"]
[EventDate "2024.02.11"]
[EventType "swiss"]
[EventRounds "9"]
[EventCountry "POR"]
[Source "ChessMix"]
[SourceDate "2024.02.20"]

1. Nf3 c5 2. c4 Nc6 3. e3 e6 4. b3 Nf6 5. Bb2 d5 6. cxd5 exd5 7. d4 cxd4 8.
Nxd4 Bb4+ 9. Bc3 Bd6 10. Nd2 O-O 11. Be2 Bc7 12. Nxc6 bxc6 13. Bb4 Re8 14. Rc1
Bd7 15. Bc5 Bf5 16. Ba6 Bb6 17. Bxb6 Qxb6 18. Be2 a5 19. O-O c5 20. Nf3 h6 21.
Bd3 Bg4 22. h3 Bxf3 23. Qxf3 a4 24. bxa4 Rxa4 25. Rb1 Rb4 26. a3 Rxb1 27. Rxb1
Qa5 28. Bb5 Rb8 29. a4 Ne4 30. Qf4 Rd8 31. Bc6 c4 32. Rb5 Qe1+ 33. Kh2 Nf6 34.
Qc7 Rf8 35. Bxd5 Nxd5 36. Rxd5 Qxf2 37. a5 Qa2 38. Rc5 Re8 39. Rxc4 Re6 40.
Qd8+ Kh7 41. Qd5 Rg6 42. Rd4 Qe2 43. Qf3 Qa2 44. Qa8 Qe6 45. Qe4 Qa6 46. Rd5
Qa8 47. h4 Qb8+ 48. Qe5 Qb4 49. Rd4 Qb7 50. Qd5 Qc7+ 51. Rf4 Rf6 52. Kg3 g5 53.
hxg5 hxg5 54. Qxg5 Rg6 55. Qxg6+ fxg6 56. Kf3 Qxa5 57. Rd4 Qe1 58. Re4 Qf1+ 59.
Kg3 Qd3 60. Kf3 Qd5 0-1

[Event "Portimao Festival"]
[Site "Portimao POR"]
[Date "2024.02.17"]
[Round "8.1"]
[White "Spraggett, Kevin"]
[Black "Niedbala, Bartlomiej"]
[Result "1/2-1/2"]
[WhiteElo "2447"]
[BlackElo "2382"]
[PlyCount "28"]
[EventDate "2024.02.11"]
[EventType "swiss"]
[EventRounds "9"]
[EventCountry "POR"]
[Source "ChessMix"]
[SourceDate "2024.02.20"]

1. c4 Nf6 2. Nf3 e6 3. g3 d5 4. Bg2 Be7 5. O-O O-O 6. d4 dxc4 7. Qa4 a6 8. Qxc4
b5 9. Qc2 Bb7 10. Bd2 Be4 11. Qc1 Bb7 12. Qc2 Be4 13. Qc1 Bb7 14. Qc2 Be4
1/2-1/2

[Event "Monsaraz Rapid op"]
[Site "Monsaraz POR"]
[Date "2023.11.25"]
[Round "1.5"]
[White "Spraggett, Kevin"]
[Black "Santos, Isabel Pereira Dos"]
[Result "1-0"]
[WhiteElo "2480"]
[BlackElo "1741"]
[PlyCount "35"]
[EventDate "2023.11.25"]
[EventType "swiss (rapid)"]
[EventRounds "9"]
[EventCountry "POR"]
[Source "ChessMix"]
[SourceDate "2023.12.01"]

1. d4 d5 2. c4 c6 3. Nf3 Nf6 4. e3 e6 5. Bd3 Be7 6. O-O O-O 7. Nc3 Nbd7 8. e4
dxe4 9. Nxe4 b6 10. b3 Bb7 11. Bb2 c5 12. Qe2 cxd4 13. Nxd4 Nxe4 14. Bxe4 Bxe4
15. Qxe4 Nc5 16. Qg4 f5 17. Nxf5 Bf6 18. Nxg7 1-0

[Event "Monsaraz Rapid op"]
[Site "Monsaraz POR"]
[Date "2023.11.25"]
[Round "2.5"]
[White "Ansari, Athar"]
[Black "Spraggett, Kevin"]
[Result "1/2-1/2"]
[WhiteElo "1908"]
[BlackElo "2480"]
[PlyCount "107"]
[EventDate "2023.11.25"]
[EventType "swiss (rapid)"]
[EventRounds "9"]
[EventCountry "POR"]
[Source "ChessMix"]
[SourceDate "2023.12.01"]

1. d4 g6 2. Nf3 d6 3. Bf4 Bg7 4. e3 Nf6 5. Be2 c5 6. c3 O-O 7. Nbd2 cxd4 8.
cxd4 Nc6 9. O-O Bd7 10. Rc1 a6 11. h3 b5 12. a3 Qb6 13. Qb3 Be6 14. Qc2 Rfc8
15. Qb1 Rc7 16. Ng5 Bd7 17. Bf3 Rac8 18. b4 Be8 19. Bg3 Nxd4 20. exd4 Qxd4 21.
Rxc7 Rxc7 22. Nb3 Qb6 23. Rc1 Bd7 24. Rxc7 Qxc7 25. Ne4 Nd5 26. Qd3 Nb6 27.
Nec5 Bc8 28. Na5 Bf8 29. Bg4 Bxg4 30. hxg4 Qc8 31. Ncb3 Qxg4 32. Qd4 Qh5 33.
Qxb6 Qd1+ 34. Kh2 Qh5+ 35. Kg1 Qd1+ 36. Kh2 Qh5+ 37. Bh4 Qxh4+ 38. Kg1 Qg5 39.
Qe3 Qf5 40. g3 h5 41. Kg2 Qd7 42. Qf3 Bg7 43. Nd2 Bb2 44. Qb3 Bf6 45. Qd5 h4
46. Ne4 Bg7 47. gxh4 Qg4+ 48. Ng3 Qxh4 49. Qa8+ Kh7 50. Qxa6 f5 51. Qc8 Qg5 52.
Kf1 Be5 53. Ne2 Bb2 54. Qc2 1/2-1/2

[Event "Monsaraz Rapid op"]
[Site "Monsaraz POR"]
[Date "2023.11.25"]
[Round "3.9"]
[White "Spraggett, Kevin"]
[Black "Santos, AntonioP"]
[Result "1-0"]
[WhiteElo "2480"]
[BlackElo "2195"]
[PlyCount "61"]
[EventDate "2023.11.25"]
[EventType "swiss (rapid)"]
[EventRounds "9"]
[EventCountry "POR"]
[Source "ChessMix"]
[SourceDate "2023.12.01"]

1. d4 d5 2. c4 c6 3. Nf3 Nf6 4. e3 Bg4 5. h3 Bxf3 6. Qxf3 e6 7. Bd3 Bb4+ 8. Nc3
Nbd7 9. O-O O-O 10. a3 dxc4 11. Bxc4 Bd6 12. e4 e5 13. d5 Nb6 14. Ba2 cxd5 15.
exd5 Re8 16. Bg5 Nbd7 17. Ne4 Qb6 18. Bxf6 Nxf6 19. Nxf6+ gxf6 20. Bb1 Bf8 21.
Qf5 Bg7 22. Qxh7+ Kf8 23. b4 Red8 24. Rd1 Rac8 25. Be4 Rc4 26. Rac1 Rdc8 27.
Rxc4 Rxc4 28. Qf5 Qd6 29. g3 Bh6 30. Kg2 Rc1 31. Rxc1 1-0

[Event "Monsaraz Rapid op"]
[Site "Monsaraz POR"]
[Date "2023.11.25"]
[Round "4.5"]
[White "Anustoop Biswas"]
[Black "Spraggett, Kevin"]
[Result "1-0"]
[WhiteElo "2256"]
[BlackElo "2480"]
[PlyCount "69"]
[EventDate "2023.11.25"]
[EventType "swiss (rapid)"]
[EventRounds "9"]
[EventCountry "POR"]
[Source "ChessMix"]
[SourceDate "2023.12.01"]

1. e4 c5 2. Nc3 e6 3. f4 d5 4. Bb5+ Nc6 5. Bxc6+ bxc6 6. d3 Nf6 7. e5 Nd7 8.
Nf3 Be7 9. O-O c4 10. dxc4 Ba6 11. b3 O-O 12. Kh1 Qc7 13. Bd2 dxc4 14. Re1 cxb3
15. axb3 Bb7 16. Qe2 c5 17. Nb5 Qb6 18. Nc3 a6 19. Rad1 Rad8 20. Na4 Qc6 21.
Ba5 Rc8 22. Nb2 Nb6 23. Bxb6 Qxb6 24. Nc4 Qc7 25. Nd6 Bxd6 26. Rxd6 c4 27. b4
a5 28. bxa5 Qxa5 29. Red1 c3 30. Qd3 f6 31. Rxe6 fxe5 32. Ng5 e4 33. Qh3 h6 34.
Rxh6 gxh6 35. Qe6+ 1-0

[Event "Monsaraz Rapid op"]
[Site "Monsaraz POR"]
[Date "2023.11.25"]
[Round "5.12"]
[White "Spraggett, Kevin"]
[Black "Pinho, Tiago"]
[Result "1-0"]
[WhiteElo "2480"]
[BlackElo "1939"]
[PlyCount "69"]
[EventDate "2023.11.25"]
[EventType "swiss (rapid)"]
[EventRounds "9"]
[EventCountry "POR"]
[Source "ChessMix"]
[SourceDate "2023.12.01"]

1. d4 Nf6 2. c4 c5 3. d5 b5 4. cxb5 a6 5. e3 d6 6. Nc3 g6 7. a4 Bg7 8. Nf3 O-O
9. Ra3 axb5 10. Bxb5 Ba6 11. O-O Bxb5 12. Nxb5 Ne8 13. e4 Nc7 14. Nxc7 Qxc7 15.
Nd2 Nd7 16. Nc4 Nb6 17. Ne3 Rfb8 18. b3 c4 19. b4 Nd7 20. b5 Nc5 21. Nxc4 Nxe4
22. Ne3 Qc5 23. Qb3 Nc3 24. Bb2 Ne2+ 25. Kh1 Bxb2 26. Qxb2 Nf4 27. Rc1 Qb6 28.
g3 Nh5 29. a5 Rxa5 30. Rc6 Qd8 31. Rxa5 Qxa5 32. b6 Qe1+ 33. Kg2 Nf6 34. b7
Nxd5 35. Rc8+ 1-0

[Event "Monsaraz Rapid op"]
[Site "Monsaraz POR"]
[Date "2023.11.25"]
[Round "6.6"]
[White "Spraggett, Kevin"]
[Black "Mitusov, Semen"]
[Result "0-1"]
[WhiteElo "2480"]
[BlackElo "2484"]
[PlyCount "106"]
[EventDate "2023.11.25"]
[EventType "swiss (rapid)"]
[EventRounds "9"]
[EventCountry "POR"]
[Source "ChessMix"]
[SourceDate "2023.12.01"]

1. d4 d5 2. c4 e6 3. Nf3 Nf6 4. Nc3 Be7 5. Bf4 O-O 6. a3 b6 7. cxd5 exd5 8. e3
c5 9. Bd3 Nc6 10. h3 a6 11. Ne5 Bb7 12. O-O Re8 13. dxc5 bxc5 14. Rc1 Bd6 15.
Nxc6 Bxc6 16. Bxd6 Qxd6 17. Qc2 Re5 18. Rfd1 Rg5 19. Bf1 Qe6 20. Ne2 Qxh3 21.
Qxc5 Bd7 22. Nf4 Qh4 23. Qc7 h6 24. Nxd5 Ng4 25. Qg3 Qxg3 26. fxg3 Be6 27. e4
a5 28. Be2 Rb8 29. Rd2 Ne5 30. Kf2 Bg4 31. Rc3 Bxe2 32. Kxe2 Re8 33. Nc7 Re7
34. Rd8+ Kh7 35. Nd5 Re6 36. Rcc8 Ng6 37. Kf3 f5 38. exf5 Rxf5+ 39. Nf4 Re1 40.
Rd5 Rf6 41. Rc2 a4 42. Rd4 Ne5+ 43. Kf2 Rb1 44. Rxa4 g5 45. Re4 Nf7 46. b4 gxf4
47. Rxf4 Kg7 48. Ra2 Ne5 49. Ke3 Rb3+ 50. Kd4 Nd7 51. Rg4+ Kf7 52. Kc4 Re3 53.
b5 Ne5+ 0-1

[Event "Monsaraz Rapid op"]
[Site "Monsaraz POR"]
[Date "2023.11.25"]
[Round "7.12"]
[White "Lohia, Sohum"]
[Black "Spraggett, Kevin"]
[Result "0-1"]
[WhiteElo "2154"]
[BlackElo "2480"]
[PlyCount "72"]
[EventDate "2023.11.25"]
[EventType "swiss (rapid)"]
[EventRounds "9"]
[EventCountry "POR"]
[Source "ChessMix"]
[SourceDate "2023.12.01"]

1. e4 c5 2. Nf3 e6 3. d4 cxd4 4. Nxd4 Nf6 5. Nc3 d6 6. g4 h6 7. Rg1 Nc6 8. h4
Nxd4 9. Qxd4 Nd7 10. g5 hxg5 11. Bxg5 Qa5 12. O-O-O a6 13. Qd2 b5 14. Kb1 b4
15. Ne2 Bb7 16. f3 Qb6 17. Nd4 Nc5 18. Be2 Rc8 19. Rge1 d5 20. Nb3 Bd6 21. exd5
Bxd5 22. Bxa6 O-O 23. Bxc8 Rxc8 24. Rg1 Ra8 25. Bf6 Qa6 26. Rxg7+ Kf8 27. Qh6
Qxa2+ 28. Kc1 Nxb3+ 29. cxb3 Ke8 30. Rg8+ Kd7 31. Rxa8 Qxa8 32. Qh7 Bf4+ 33.
Kb1 Kc6 34. Qxf7 Bxb3 35. Qd7+ Kb6 36. Bd4+ Ka5 0-1

[Event "Monsaraz Rapid op"]
[Site "Monsaraz POR"]
[Date "2023.11.25"]
[Round "8.8"]
[White "Silva, Tiago Alexandre Pin"]
[Black "Spraggett, Kevin"]
[Result "1-0"]
[WhiteElo "1875"]
[BlackElo "2480"]
[PlyCount "71"]
[EventDate "2023.11.25"]
[EventType "swiss (rapid)"]
[EventRounds "9"]
[EventCountry "POR"]
[Source "ChessMix"]
[SourceDate "2023.12.01"]

1. c4 g6 2. d4 Bg7 3. Nf3 Nf6 4. Nc3 O-O 5. e4 d6 6. Be2 Na6 7. O-O e5 8. d5
Nc5 9. Qc2 a5 10. Be3 b6 11. a3 a4 12. Bxc5 bxc5 13. b4 axb3 14. Qxb3 Nh5 15.
Ne1 Nf4 16. Nd3 f5 17. f3 Qg5 18. Nxf4 exf4 19. Ra2 fxe4 20. Nxe4 Bd4+ 21. Kh1
Qe5 22. Re1 Rf5 23. Bf1 Rh5 24. h3 Qe7 25. a4 Re5 26. a5 Ba6 27. Qa4 Kg7 28.
Qc6 Ra7 29. Bd3 Bc8 30. Qb5 Qh4 31. Ree2 Re7 32. Qb8 Bxh3 33. gxh3 Qxh3+ 34.
Rh2 Qxf3+ 35. Rag2 Rxa5 36. Rxh7+ 1-0